Указатель опубликованных материалов по золоту для планирования и проведения прогнозно-поисковых, геологоразведочных и добычных работ в пределах Бурятии, Забайкальского края и Иркутской области

書誌詳細
第一著者: Яловик Л. И. Любовь Ильинична
団体著者: Российская академия наук Сибирское отделение Геологический институт
その他の著者: Татаринов А. В. Александр Васильевич (редактор), Дамдинов Б. Б.
要約:Указатель опубликованных геологических материалов на территорию Буря тин, Забайкальского края, Иркутской области предназначен для научного обеспечения планирования работ по расширению сырьевой базы золота на юге Восточной Сибири. Он содержит более 1000 наименований литературных источников (монографии, диссертации, статьи в журналах и сборниках, материалы и тезисы международных и российских конференций), охватывающих период 1897-2020 годов. Данный перечень главным образом необходим для: 1) разработки ГИС-технологий и программных методов распознавания образов при оценке перспектив выявления крупных и сверхкрупных по запасам золоторудных месторождений традиционных типов с освоенными технологическими разработками; 2) обоснования лицензирования рудно-россыпных площадей, участков недр, характеризующихся новыми (нетрадиционными) генетическими, рудно-формацион-ными, минеральными, геохимическими, технологическими типами, геодинамическими и структурно-тектоническими обстановками их формирования. Особое место здесь занимают месторождения и проявления с комплексными (поликомпонентными) рудами, сведения о них особенно актуальны для старых горнопромышленных районов (Окинский, Ленский, Муйский, Балейский, Баунтовский и др.), минерально-сырьевая база которых не может быть пополнена за счет ресурсов "мономсталльных" золотых месторождений. Составленный список публикаций завершается приложениями, содержащими оригинальные авторские текстовые комментарии и графические материалы, демонстрирующие результаты, полученные и Геологическом институте (ГИН) СО РАН за последние 25 лет по решению указанных проблем.
言語:ロシア語
出版事項: Новосибирск, Изд-во СО РАН, 2022
主題:
オンライン・アクセス:http://doi.org/10.53954/9785604782439
フォーマット: MixedMaterials 電子媒体 図書
KOHA link:https://koha.lib.tpu.ru/cgi-bin/koha/opac-detail.pl?biblionumber=375257

MARC

LEADER 00000nam0a2200000 4500
001 375257
005 20231102012723.0
010 |a 9785604782439 
035 |a (RuTPU)RU\TPU\retro\32696 
090 |a 375257 
100 |a 20221220d2022 k y0rusy50 ca 
101 0 |a rus 
102 |a RU 
105 |a a a 001zy 
200 1 |a Указатель опубликованных материалов по золоту для планирования и проведения прогнозно-поисковых, геологоразведочных и добычных работ в пределах Бурятии, Забайкальского края и Иркутской области  |f Л. И. Яловик, А. В. Татаринов  |g Российская академия наук, Сибирское отделение, Геологический институт ; отв. ред. Б. Б. Дамдинов 
210 |a Новосибирск  |c Изд-во СО РАН  |d 2022 
215 |a 198 с.  |c ил. 
320 |a Библиогр.: с. 104-105 
330 |a Указатель опубликованных геологических материалов на территорию Буря тин, Забайкальского края, Иркутской области предназначен для научного обеспечения планирования работ по расширению сырьевой базы золота на юге Восточной Сибири. Он содержит более 1000 наименований литературных источников (монографии, диссертации, статьи в журналах и сборниках, материалы и тезисы международных и российских конференций), охватывающих период 1897-2020 годов. Данный перечень главным образом необходим для: 1) разработки ГИС-технологий и программных методов распознавания образов при оценке перспектив выявления крупных и сверхкрупных по запасам золоторудных месторождений традиционных типов с освоенными технологическими разработками; 2) обоснования лицензирования рудно-россыпных площадей, участков недр, характеризующихся новыми (нетрадиционными) генетическими, рудно-формацион-ными, минеральными, геохимическими, технологическими типами, геодинамическими и структурно-тектоническими обстановками их формирования. Особое место здесь занимают месторождения и проявления с комплексными (поликомпонентными) рудами, сведения о них особенно актуальны для старых горнопромышленных районов (Окинский, Ленский, Муйский, Балейский, Баунтовский и др.), минерально-сырьевая база которых не может быть пополнена за счет ресурсов "мономсталльных" золотых месторождений. Составленный список публикаций завершается приложениями, содержащими оригинальные авторские текстовые комментарии и графические материалы, демонстрирующие результаты, полученные и Геологическом институте (ГИН) СО РАН за последние 25 лет по решению указанных проблем. 
606 1 |a Золото  |x Месторождения  |x Поиски и разведка  |2 stltpush  |3 (RuTPU)RU\TPU\subj\11859  |9 38745 
606 1 |a Библиографические пособия  |x По геологии  |2 stltpush  |3 (RuTPU)RU\TPU\subj\28563  |9 52081 
610 1 |a библиографическая информация 
610 1 |a золоторудные месторождения 
610 1 |a Бурятия 
610 1 |a Забайкальский край 
610 1 |a Иркутская область 
610 1 |a геологоразведочные работы 
610 1 |a добычные работы 
610 1 |a зеленокаменные пояса 
610 1 |a рудообразующие системы 
610 1 |a металлогения 
675 |a 553.411  |v 4 
686 |a Я19:55  |v LBC/SL-A  |2 rubbk 
700 1 |a Яловик  |b Л. И.  |g Любовь Ильинична 
701 1 |a Татаринов  |b А. В.  |g Александр Васильевич 
702 1 |a Дамдинов  |b Б. Б.  |4 340 
712 0 2 |a Российская академия наук  |b Сибирское отделение  |b Геологический институт  |c (Улан-Удэ)  |c (1997- )  |2 stltpush  |3 (RuTPU)RU\TPU\col\23538  |9 28335 
801 1 |a RU  |b 63413507  |c 20221220 
801 2 |a RU  |b 63413507  |c 20230307  |g RCR 
856 4 |u http://doi.org/10.53954/9785604782439 
942 |c BK